=LDR 00000nam 2200000 4500 =001 NUTBA000000000001668 =005 20140508135140.0 =006 =007 =008 =020 ##$$a 979-414-748-6 =035 ##$$a 0010-051400000000133 =082 ##$$a 346.04-Gau-k =100 ##$$a Prof.Mr.Dr. Sudargo Gautama =245 ##$$a Komentar atas undang-undang hak tanggungan baru tahun 1996 No.4 =250 ##$$a cet.1 =260 ##$$a Jakarta $b Citra Aditya Bakti $c 1996 =300 ##$$a xii, 234 hlm $c 21 cm =990 ##$$a 21196386/BPAP-NTB/2014